Normal view
MARC view
- Arif Ayesha
Entry Personal Name
001 - CONTROL NUMBER
- control field: 10294
003 - CONTROL NUMBER IDENTIFIER
- control field: NUST
005 - DATE AND TIME OF LATEST TRANSACTION
- control field: 20180514103353.0
008 - FIXED-LENGTH DATA ELEMENTS
- fixed length control field: 180514|| aca||aabn | a|a d
040 ## - CATALOGING SOURCE
- Original cataloging agency: NUST
- Transcribing agency: NUST
100 ## - HEADING--PERSONAL NAME
- Personal name: Arif Ayesha
670 ## - SOURCE DATA FOUND
- Source citation: Work cat.: (NUST): Arif Ayesha , MS/Thesis: Comparative Analysis of the Signaling Dynamics and Therapeutic Responses During Infection of West Nile Virus By In Silico Approaches , April,2018
